[Event "MP Reykjavik Open 2011"]
[Site "Reykjavik ISL"]
[Date "2011.03.09"]
[Round "1.81"]
[White "Bergsson, Stefan"]
[Black "Williams, Simon K"]
[Result "0-1"]
[WhiteElo "2158"]
[BlackElo "2507"]
[PlyCount "54"]
[EventDate "2011.03.09"]
[EventType "swiss"]
[EventRounds "9"]
[EventCountry "ISL"]
[Source "lmi"]
[SourceDate "2011.03.09"]

1. e4 e6 2. d4 d5 3. exd5 exd5 4. Bd3 c5 5. dxc5 Bxc5 6. Qf3 Nf6 7. Bg5 Bg4 8.
Qg3 Qe7+ 9. Kf1 Be6 10. Ne2 Nbd7 11. Nd2 h6 12. Be3 Bd6 13. Qh4 Ne5 14. Bb5+
Kf8 15. Nf4 Bg4 16. Bd4 g5 17. Nxd5 Nxd5 18. Qg3 a6 19. Ne4 f6 20. Ba4 Nf4 21.
Re1 Bf5 22. Nxd6 Qxd6 23. c3 Kg7 24. h4 b5 25. Rxe5 fxe5 26. hxg5 hxg5 27.
Qxg5+ Ng6 0-1

[Event "MP Reykjavik Open 2011"]
[Site "Reykjavik ISL"]
[Date "2011.03.10"]
[Round "2.1"]
[White "Tiller, Bjorn"]
[Black "McShane, Luke J"]
[Result "0-1"]
[WhiteElo "2393"]
[BlackElo "2683"]
[PlyCount "74"]
[EventDate "2011.03.09"]
[EventType "swiss"]
[EventRounds "9"]
[EventCountry "ISL"]
[Source "lmi"]
[SourceDate "2011.03.09"]

1. f4 d5 2. Nf3 g6 3. g3 Bg7 4. Bg2 Nh6 5. O-O O-O 6. d3 d4 7. c3 Nc6 8. e4
dxe3 9. d4 Nf5 10. g4 Nd6 11. Ne5 Na5 12. b4 Nac4 13. Qe2 Nb6 14. Bxe3 a5 15.
b5 f6 16. Nd3 Nxb5 17. Nc5 c6 18. a4 Nd6 19. Nd2 Nd5 20. c4 Nxe3 21. Qxe3 Bxg4
22. Ne6 Bxe6 23. Qxe6+ Kh8 24. Rab1 f5 25. d5 Rc8 26. Kh1 cxd5 27. Bxd5 Rc7 28.
Rfe1 Qe8 29. Nf3 Qxa4 30. Ng5 Bf6 31. Qe2 Rfc8 32. Rg1 Rxc4 33. Nxh7 Kxh7 34.
Rxg6 Rc1+ 35. Rg1 Rxg1+ 36. Rxg1 Qxf4 37. Qg2 Qg5 0-1

[Event "MP Reykjavik Open 2011"]
[Site "Reykjavik ISL"]
[Date "2011.03.10"]
[Round "2.2"]
[White "Miroshnichenko, Evgenij"]
[Black "Ariel, Donny"]
[Result "1-0"]
[WhiteElo "2670"]
[BlackElo "2389"]
[PlyCount "199"]
[EventDate "2011.03.09"]
[EventType "swiss"]
[EventRounds "9"]
[EventCountry "ISL"]
[Source "lmi"]
[SourceDate "2011.03.09"]

1. Nf3 g6 2. d4 d5 3. c4 c6 4. Nc3 Nf6 5. cxd5 cxd5 6. Bf4 Bg7 7. e3 O-O 8. h3
Nc6 9. Bd3 Re8 10. O-O a6 11. Rc1 Bf5 12. Bxf5 gxf5 13. Ne5 Rc8 14. Nd3 e6 15.
Na4 Ne4 16. f3 Nf6 17. Qb3 Na5 18. Qb6 Qxb6 19. Nxb6 Rc6 20. Rxc6 Nxc6 21. Rc1
Nh5 22. Be5 Bh6 23. Kf2 f6 24. Bc7 e5 25. Nxd5 exd4 26. f4 dxe3+ 27. Nxe3 Ng3
28. Re1 Ne4+ 29. Kg1 Ne7 30. Nf2 Rc8 31. Nxe4 fxe4 32. Bd6 Bf8 33. Kf1 Ng6 34.
Nf5 Rc2 35. Bxf8 Kxf8 36. Rxe4 Rxb2 37. a4 b5 38. Re6 bxa4 39. Rxf6+ Kg8 40.
Rxa6 Nxf4 41. Rxa4 Ng6 42. Ra7 Rc2 43. Kg1 Nf4 44. Rg7+ Kh8 45. Rg4 Ng6 46. Ra4
Kg8 47. Ra8+ Kf7 48. Ra7+ Kf6 49. Ne3 Rc1+ 50. Kf2 Ne7 51. Kf3 Rc6 52. Ng4+ Ke6
53. Ne5 Rb6 54. Nd7 Rb3+ 55. Kg4 Kf7 56. Nc5 Re3 57. Kf4 Re1 58. Ne4 h6 59. h4
Rc1 60. h5 Rf1+ 61. Kg4 Re1 62. Kf3 Rf1+ 63. Ke2 Rc1 64. g4 Rg1 65. Kf3 Rf1+
66. Kg3 Kf8 67. Ra6 Kg7 68. Re6 Ng8 69. Rg6+ Kh7 70. Rb6 Kg7 71. Rg6+ Kh7 72.
Rb6 Kg7 73. Rb7+ Rf7 74. Rb1 Rd7 75. Rb6 Ra7 76. Rg6+ Kh7 77. Kh4 Rb7 78. Nd6
Ra7 79. Nf5 Rb7 80. Ra6 Rc7 81. Kg3 Rb7 82. Rg6 Ra7 83. Kf4 Rb7 84. Rd6 Ra7 85.
Ke5 Rb7 86. Ke6 Ra7 87. Rd8 Ra6+ 88. Nd6 Ra7 89. Re8 Ra1 90. Rb8 Ra7 91. Rb7+
Rxb7 92. Nxb7 Kg7 93. Nd6 Kf8 94. Nc4 Kg7 95. Ne3 Kf8 96. Nd5 Kg7 97. Ne7 Nxe7
98. Kxe7 Kh8 99. Kf8 Kh7 100. Kf7 1-0

[Event "MP Reykjavik Open 2011"]
[Site "Reykjavik ISL"]
[Date "2011.03.10"]
[Round "2.3"]
[White "Thorhallsson, Throstur"]
[Black "Gustafsson, Jan"]
[Result "1-0"]
[WhiteElo "2387"]
[BlackElo "2647"]
[PlyCount "85"]
[EventDate "2011.03.09"]
[EventType "swiss"]
[EventRounds "9"]
[EventCountry "ISL"]
[Source "lmi"]
[SourceDate "2011.03.09"]

1. e4 e5 2. Nf3 Nc6 3. Bc4 Bc5 4. O-O d6 5. c3 Nf6 6. d4 Bb6 7. dxe5 Nxe5 8.
Nxe5 dxe5 9. Qxd8+ Kxd8 10. Nd2 Ke7 11. b3 Bc5 12. Nf3 Nxe4 13. Nxe5 Be6 14.
Bxe6 Kxe6 15. Nd3 Bb6 16. Re1 f5 17. Be3 Rhd8 18. Rad1 Kf6 19. c4 Nc3 20. Rd2
Ne4 21. Rdd1 Bxe3 22. Rxe3 Nc5 23. Kf1 Rd4 24. Nb2 Rad8 25. Rxd4 Rxd4 26. f3 a5
27. Ke1 Rh4 28. h3 Rd4 29. Rc3 h5 30. Ke2 g5 31. g3 h4 32. g4 Ke5 33. a3 Kf4
34. b4 axb4 35. axb4 Nd7 36. Nd3+ Kg3 37. gxf5 Nf6 38. f4 Ne4 39. Ra3 Rxc4 40.
fxg5 Kxh3 41. f6 Rc2+ 42. Kd1 Rd2+ 43. Ke1 1-0

[Event "MP Reykjavik Open 2011"]
[Site "Reykjavik ISL"]
[Date "2011.03.10"]
[Round "2.4"]
[White "Sokolov, Ivan"]
[Black "Devereaux, Maxim L"]
[Result "1-0"]
[WhiteElo "2643"]
[BlackElo "2385"]
[PlyCount "127"]
[EventDate "2011.03.09"]
[EventType "swiss"]
[EventRounds "9"]
[EventCountry "ISL"]
[Source "lmi"]
[SourceDate "2011.03.09"]

1. d4 d5 2. c4 c6 3. Nf3 Nf6 4. Nc3 dxc4 5. a4 Bf5 6. e3 e6 7. Bxc4 Bb4 8. O-O
O-O 9. Nh4 Bg4 10. f3 Bh5 11. g4 Nd5 12. Ng2 Bg6 13. Na2 Be7 14. e4 Nb6 15. Bb3
a5 16. Be3 N8d7 17. Nc3 Bb4 18. h4 h6 19. Qe2 Bh7 20. Rad1 Re8 21. g5 hxg5 22.
hxg5 Nf8 23. Qf2 Ra6 24. Bc2 Nc4 25. Bc1 Nd6 26. Na2 b5 27. axb5 Nxb5 28. Nxb4
axb4 29. Be3 Nd6 30. Bb3 Qe7 31. Bd2 Nb7 32. Rc1 Na5 33. Bd1 Rb8 34. Qg3 Rd8
35. Be3 Nb7 36. Ne1 Nd6 37. Nd3 Nb5 38. Rc4 c5 39. Nxc5 Rad6 40. Nb3 R6d7 41.
Na5 Nd6 42. Rc1 Ra8 43. Nc6 Qe8 44. Nxb4 Qb8 45. Nd3 Qb5 46. Be2 Rdd8 47. Rc5
Qb6 48. Qf2 Nd7 49. Rc3 Qb7 50. Rfc1 Bg6 51. Rc7 Qb8 52. Bf4 Nf8 53. R7c6 Ra4
54. Bf1 Bh5 55. b4 Rxb4 56. Nxb4 Qxb4 57. Kg2 Ng6 58. Bg3 Ne7 59. Rc7 Ng6 60.
Be2 Ne8 61. Rc8 Qe7 62. Qe3 Qd7 63. Rxd8 Qxd8 64. Rh1 1-0

[Event "MP Reykjavik Open 2011"]
[Site "Reykjavik ISL"]
[Date "2011.03.10"]
[Round "2.5"]
[White "Sveshnikov, Vladimir"]
[Black "Adly, Ahmed"]
[Result "1/2-1/2"]
[WhiteElo "2379"]
[BlackElo "2640"]
[PlyCount "153"]
[EventDate "2011.03.09"]
[EventType "swiss"]
[EventRounds "9"]
[EventCountry "ISL"]
[Source "lmi"]
[SourceDate "2011.03.09"]

1. e4 c5 2. c3 Nf6 3. e5 Nd5 4. d4 cxd4 5. cxd4 d6 6. Nf3 Nc6 7. Bc4 Nb6 8. Bb5
Bd7 9. Nc3 dxe5 10. Nxe5 Nxe5 11. dxe5 Bxb5 12. Nxb5 Qxd1+ 13. Kxd1 O-O-O+ 14.
Ke2 Rd5 15. a4 Rxe5+ 16. Be3 e6 17. Rhd1 Nd5 18. Rac1+ Kb8 19. Kf3 Rf5+ 20. Ke2
b6 21. g4 Re5 22. Nd4 Kb7 23. Nc6 Bd6 24. Nxe5 Bxe5 25. Bd4 Bxh2 26. Bxg7 Rg8
27. Bd4 Rxg4 28. Kf3 h5 29. Rh1 Rf4+ 30. Kg2 Rxd4 31. Kxh2 Rxa4 32. Kg3 Rg4+
33. Kf3 Rf4+ 34. Kg3 Rf5 35. Rc4 a5 36. Rch4 Re5 37. Rxh5 f5 38. Rh7+ Ka6 39.
Kf3 Nf6 40. Re7 Ng4 41. Rh8 Re4 42. Kg3 Ne5 43. Ra8+ Kb5 44. Rxe6 Rg4+ 45. Kh3
Nd3 46. Rf6 Nxf2+ 47. Kh2 Rg5 48. Re6 Rh5+ 49. Kg3 Ne4+ 50. Kf4 Nc5 51. Rd6
Rh4+ 52. Kxf5 Rb4 53. Rd2 Na4 54. Rd5+ Nc5 55. Rd2 Nb3 56. Rf2 Kc4 57. Rc2+ Kb5
58. Ke5 Nc5 59. Rd8 Re4+ 60. Kd5 Rb4 61. Rh8 Nd3 62. Rhh2 Ka4 63. Rhd2 Rb5+ 64.
Kd6 Rb3 65. Kc7 b5 66. Kb6 Ne5 67. Kc5 Nd3+ 68. Kb6 Kb4 69. Re2 Ka4 70. Red2 b4
71. Ka6 Rxb2 72. Rxb2 Nxb2 73. Rxb2 b3 74. Rh2 Kb4 75. Rh4+ Kc3 76. Kxa5 b2 77.
Rb4 1/2-1/2

[Event "MP Reykjavik Open 2011"]
[Site "Reykjavik ISL"]
[Date "2011.03.10"]
[Round "2.6"]
[White "Kuzubov, Yuriy"]
[Black "Milliet, Sophie"]
[Result "1-0"]
[WhiteElo "2627"]
[BlackElo "2369"]
[PlyCount "85"]
[EventDate "2011.03.09"]
[EventType "swiss"]
[EventRounds "9"]
[EventCountry "ISL"]
[Source "lmi"]
[SourceDate "2011.03.09"]

1. e4 c5 2. Nf3 e6 3. g3 d5 4. exd5 exd5 5. d4 Nc6 6. Bg2 Bg4 7. O-O Nxd4 8.
Qe1+ Be7 9. Nxd4 cxd4 10. Qe5 Nf6 11. Qxd4 O-O 12. Nc3 Be6 13. Be3 Qd7 14. Rad1
Rfd8 15. Rfe1 Qc6 16. Qd3 Rac8 17. Bd4 b6 18. Qa6 Nd7 19. Re3 h6 20. Qe2 Bf6
21. Nxd5 Bxd5 22. Bxd5 Qxc2 23. Qxc2 Rxc2 24. Bxf6 Nxf6 25. Bxf7+ Kxf7 26. Rxd8
Rxb2 27. a3 Rc2 28. Kg2 Rc7 29. h3 Rc2 30. Rdd3 Rc7 31. Rc3 Rd7 32. Rc8 Nd5 33.
Ree8 Nc7 34. Red8 Re7 35. Rf8+ Ke6 36. Rcd8 Nd5 37. Rfe8 a5 38. Kf3 a4 39.
Rxe7+ Nxe7 40. Rb8 Nd5 41. Ke4 b5 42. Re8+ Ne7 43. Kd4 1-0

[Event "MP Reykjavik Open 2011"]
[Site "Reykjavik ISL"]
[Date "2011.03.10"]
[Round "2.7"]
[White "Arngrimsson, Dagur"]
[Black "Hammer, Jon Ludvig"]
[Result "0-1"]
[WhiteElo "2367"]
[BlackElo "2606"]
[PlyCount "96"]
[EventDate "2011.03.09"]
[EventType "swiss"]
[EventRounds "9"]
[EventCountry "ISL"]
[Source "lmi"]
[SourceDate "2011.03.09"]

1. e4 c6 2. c4 d5 3. exd5 cxd5 4. cxd5 Nf6 5. Nc3 Nxd5 6. Nf3 e6 7. d4 Bb4 8.
Qc2 O-O 9. Bd3 h6 10. O-O Nc6 11. Rd1 Qb6 12. a3 Be7 13. Qe2 Rd8 14. Nxd5 exd5
15. Bc2 Bf8 16. h3 g6 17. Be3 Qxb2 18. Qd2 Bf5 19. Ne1 Bxc2 20. Nxc2 Qb3 21.
Rab1 Qa4 22. Rxb7 Na5 23. Rbb1 Rac8 24. Ne1 Nc4 25. Qe2 Qxa3 26. Ra1 Qe7 27.
Ra6 Re8 28. Nd3 Bg7 29. Ne5 Rc7 30. Nxc4 dxc4 31. d5 Qe4 32. Ra4 Rec8 33. Qa2
Rd7 34. Bxa7 Rxd5 35. Rc1 Rcd8 36. Qc2 Qxc2 37. Rxc2 Rd1+ 38. Kh2 c3 39. Rc4
R8d2 40. Rc8+ Kh7 41. R2xc3 Bxc3 42. Rxc3 Rd3 43. Rc4 g5 44. h4 f5 45. hxg5
hxg5 46. g3 g4 47. Be3 Re1 48. Rd4 Rb3 0-1

[Event "MP Reykjavik Open 2011"]
[Site "Reykjavik ISL"]
[Date "2011.03.10"]
[Round "2.8"]
[White "Hansen, Sune Berg"]
[Black "Johannesson, Ingvar Thor"]
[Result "1-0"]
[WhiteElo "2603"]
[BlackElo "2338"]
[PlyCount "61"]
[EventDate "2011.03.09"]
[EventType "swiss"]
[EventRounds "9"]
[EventCountry "ISL"]
[Source "lmi"]
[SourceDate "2011.03.09"]

1. Nf3 Nf6 2. c4 c6 3. Nc3 d5 4. e3 g6 5. d4 Bg7 6. Bd3 O-O 7. O-O Nbd7 8. cxd5
Nxd5 9. e4 Nxc3 10. bxc3 c5 11. Bg5 Re8 12. Rb1 Qa5 13. Qc2 a6 14. Bd2 Qc7 15.
d5 c4 16. Be2 e6 17. dxe6 Rxe6 18. Nd4 Re8 19. a4 Nc5 20. f3 Be5 21. h3 Bxh3
22. Bxc4 Bh2+ 23. Kh1 Bxg2+ 24. Kxg2 Qg3+ 25. Kh1 Qh3 26. Bc1 Bg3+ 27. Kg1 Re5
28. Qg2 Qh4 29. Ne2 Nxe4 30. fxe4 Rxe4 31. Bxf7+ 1-0

[Event "MP Reykjavik Open 2011"]
[Site "Reykjavik ISL"]
[Date "2011.03.10"]
[Round "2.9"]
[White "Sareen, Vishal"]
[Black "Chatalbashev, Boris"]
[Result "0-1"]
[WhiteElo "2358"]
[BlackElo "2602"]
[PlyCount "80"]
[EventDate "2011.03.09"]
[EventType "swiss"]
[EventRounds "9"]
[EventCountry "ISL"]
[Source "lmi"]
[SourceDate "2011.03.09"]

1. e4 g6 2. d4 Bg7 3. c4 c5 4. d5 d6 5. Nc3 Nf6 6. f3 O-O 7. Nge2 e6 8. Ng3
exd5 9. cxd5 h5 10. Bg5 a6 11. a4 Re8 12. Be2 Qe7 13. Qd2 h4 14. Bxh4 Nxe4 15.
Bxe7 Nxd2 16. Bxd6 Nc4 17. Bxc5 Nxb2 18. Kd2 Nd7 19. Ba3 Bxc3+ 20. Kxc3 Nxa4+
21. Kd4 b5 22. h4 Bb7 23. h5 Bxd5 24. Bxb5 axb5 25. Kxd5 Nf6+ 26. Kc6 Rab8 27.
Rad1 b4 28. Bc1 b3 29. hxg6 fxg6 30. Bg5 Rec8+ 31. Kd6 Rb6+ 32. Ke5 Re8+ 33.
Kf4 Rb4+ 34. Ne4 Nxe4 35. fxe4 Nc3 36. Rd7 Nxe4 37. Be7 Rxe7 38. Rxe7 Nf2+ 39.
Kf3 Nxh1 40. Re1 b2 0-1

[Event "MP Reykjavik Open 2011"]
[Site "Reykjavik ISL"]
[Date "2011.03.10"]
[Round "2.10"]
[White "Baklan, Vladimir"]
[Black "Getz, Nicolai"]
[Result "1-0"]
[WhiteElo "2602"]
[BlackElo "2333"]
[PlyCount "69"]
[EventDate "2011.03.09"]
[EventType "swiss"]
[EventRounds "9"]
[EventCountry "ISL"]
[Source "lmi"]
[SourceDate "2011.03.09"]

1. e4 c5 2. Nf3 Nc6 3. Bb5 e6 4. O-O Nge7 5. c3 a6 6. Ba4 b5 7. Bc2 d5 8. d4
cxd4 9. Nxd4 Bb7 10. Nxc6 Bxc6 11. Nd2 Ng6 12. Qe2 Bd6 13. Nf3 Qc7 14. Re1 dxe4
15. Bxe4 O-O 16. h4 Rae8 17. a4 Bd7 18. axb5 axb5 19. Be3 Bc5 20. h5 Nf4 21.
Qd2 Bxe3 22. Qxe3 f5 23. Ra7 Qd6 24. Bc2 Bc6 25. Rd1 Bd5 26. h6 Rf6 27. Rxg7+
Kh8 28. Ne5 Ng6 29. Nf7+ Rxf7 30. Rxf7 Rg8 31. Qa7 Ne7 32. Be4 fxe4 33. Rxe7
Rxg2+ 34. Kxg2 e3+ 35. Kh3 1-0

[Event "MP Reykjavik Open 2011"]
[Site "Reykjavik ISL"]
[Date "2011.03.10"]
[Round "2.11"]
[White "Sigfusson, Sigurdur"]
[Black "Miton, Kamil"]
[Result "0-1"]
[WhiteElo "2336"]
[BlackElo "2600"]
[PlyCount "94"]
[EventDate "2011.03.09"]
[EventType "swiss"]
[EventRounds "9"]
[EventCountry "ISL"]
[Source "lmi"]
[SourceDate "2011.03.09"]

1. e4 c5 2. Nf3 e6 3. d4 cxd4 4. Nxd4 a6 5. Bd3 Bc5 6. Nb3 Ba7 7. O-O Nc6 8.
Nc3 Nf6 9. Qe2 d6 10. Kh1 Qc7 11. Bg5 Nd4 12. Nxd4 Bxd4 13. Rad1 h6 14. Bh4 Bd7
15. f4 Bc6 16. Bg3 O-O-O 17. Nb1 e5 18. c3 Ba7 19. fxe5 dxe5 20. Nd2 Rhe8 21.
Nc4 Bb5 22. b3 Bxc4 23. Bxc4 Rxd1 24. Rxd1 Rd8 25. Bd5 Kb8 26. c4 Bc5 27. h3
Qe7 28. Rb1 Bb4 29. Qe3 Nd7 30. a3 Bxa3 31. b4 Bxb4 32. Be1 a5 33. Bxb4 axb4
34. Qd2 Nf6 35. Rxb4 Nxd5 36. exd5 e4 37. Qf4+ Qd6 38. Qxd6+ Rxd6 39. Kg1 f5
40. Kf2 Kc7 41. Ke3 Rb6 42. Ra4 Ra6 43. Rb4 g5 44. Kd4 Ra2 45. Ke5 e3 46. g3
Rf2 47. Rb1 e2 0-1

[Event "MP Reykjavik Open 2011"]
[Site "Reykjavik ISL"]
[Date "2011.03.10"]
[Round "2.12"]
[White "Pelletier, Yannick"]
[Black "Michalczak, Thomas"]
[Result "0-1"]
[WhiteElo "2593"]
[BlackElo "2332"]
[PlyCount "78"]
[EventDate "2011.03.09"]
[EventType "swiss"]
[EventRounds "9"]
[EventCountry "ISL"]
[Source "lmi"]
[SourceDate "2011.03.09"]

1. d4 d5 2. c4 dxc4 3. e3 e5 4. Bxc4 exd4 5. exd4 Nf6 6. Nf3 Bd6 7. O-O O-O 8.
h3 h6 9. Nc3 Nc6 10. a3 Bf5 11. Re1 a6 12. d5 Ne7 13. Nd4 Bh7 14. Be3 Qd7 15.
Qf3 Nf5 16. Bd3 Nh4 17. Bxh7+ Kxh7 18. Qd1 Rfe8 19. Qb3 Rab8 20. Re2 Kg8 21.
Rae1 b5 22. Qd1 a5 23. Nc6 Nf3+ 24. Kh1 b4 25. axb4 axb4 26. Ba7 Ra8 27. Rxe8+
Rxe8 28. Rxe8+ Qxe8 29. gxf3 bxc3 30. bxc3 Qd7 31. Kg2 Qf5 32. c4 Qf4 33. Qd4
Qg5+ 34. Kf1 Qc1+ 35. Ke2 Nh5 36. f4 Nxf4+ 37. Kf3 Qh1+ 38. Ke3 Qe1+ 39. Kf3
Qe2+ 0-1

[Event "MP Reykjavik Open 2011"]
[Site "Reykjavik ISL"]
[Date "2011.03.10"]
[Round "2.13"]
[White "Carstensen, Jacob"]
[Black "Fier, Alexandr"]
[Result "1/2-1/2"]
[WhiteElo "2332"]
[BlackElo "2586"]
[PlyCount "127"]
[EventDate "2011.03.09"]
[EventType "swiss"]
[EventRounds "9"]
[EventCountry "ISL"]
[Source "lmi"]
[SourceDate "2011.03.09"]

1. d4 Nf6 2. c4 c5 3. d5 e6 4. Nc3 exd5 5. cxd5 d6 6. Nf3 g6 7. g3 Bg7 8. Bg2
O-O 9. O-O a6 10. a4 Re8 11. Nd2 Nbd7 12. Nc4 Ne5 13. Nxe5 Rxe5 14. e4 Re8 15.
h3 Nd7 16. f4 Rb8 17. a5 b5 18. axb6 Rxb6 19. Qc2 Rb4 20. Kh2 Nb6 21. f5 Be5
22. Nd1 gxf5 23. Qf2 Kh8 24. Bd2 Rg8 25. Bf4 Bd4 26. Qc2 Qf6 27. Ra3 Qg6 28.
Rb3 Rxb3 29. Qxb3 c4 30. exf5 Bxf5 31. Qb4 Be5 32. Bxe5+ dxe5 33. Qc3 f6 34.
Qf3 e4 35. Qf2 Nxd5 36. Ne3 Nxe3 37. Qxe3 Qg5 38. Rf4 Bg6 39. Qc3 Qe5 40. Bxe4
Rb8 41. Qxc4 Bxe4 42. Rxe4 Qxb2+ 43. Re2 Qb5 44. Qe6 Qb6 45. h4 Qxe6 46. Rxe6
Ra8 47. Rxf6 a5 48. Rf3 a4 49. Ra3 Kg7 50. g4 Kf6 51. Kg3 Ke5 52. g5 Kd4 53.
Kf4 Kc4 54. Kf5 Kb4 55. Ra1 Kb3 56. Kf6 Kb2 57. Rh1 a3 58. h5 a2 59. g6 hxg6
60. hxg6 a1=Q 61. Rxa1 Rxa1 62. g7 Rg1 63. Kf7 Rxg7+ 64. Kxg7 1/2-1/2

[Event "MP Reykjavik Open 2011"]
[Site "Reykjavik ISL"]
[Date "2011.03.10"]
[Round "2.14"]
[White "Gupta, Abhijeet"]
[Black "Geske, Julian"]
[Result "1-0"]
[WhiteElo "2580"]
[BlackElo "2329"]
[PlyCount "79"]
[EventDate "2011.03.09"]
[EventType "swiss"]
[EventRounds "9"]
[EventCountry "ISL"]
[Source "lmi"]
[SourceDate "2011.03.09"]

1. d4 d5 2. c4 c6 3. Nf3 dxc4 4. e3 Be6 5. Nc3 b5 6. Be2 Nf6 7. Ng5 Bd7 8. a4
Qb6 9. O-O e6 10. Bf3 b4 11. Nce4 Nxe4 12. Nxe4 Na6 13. Nd2 Be7 14. Nxc4 Qc7
15. Qe2 Rc8 16. Bd2 O-O 17. Rfc1 Rfd8 18. Ne5 Qb6 19. a5 Qb7 20. Qc4 Nb8 21. a6
Qb6 22. Nd3 c5 23. Nxc5 Bb5 24. Qxb4 Nxa6 25. Rxa6 Bxa6 26. Qxb6 axb6 27. Nxa6
Rxc1+ 28. Bxc1 Rc8 29. Bd2 Rc2 30. Be1 Rxb2 31. Kf1 b5 32. Nc5 b4 33. Be4 Bxc5
34. dxc5 Kf8 35. f3 b3 36. c6 Ke7 37. c7 Kd7 38. Ba5 Kc8 39. Bd3 Kb7 40. Ba6+
1-0

[Event "MP Reykjavik Open 2011"]
[Site "Reykjavik ISL"]
[Date "2011.03.10"]
[Round "2.15"]
[White "Karavade, Eesha"]
[Black "Halkias, Stelios"]
[Result "0-1"]
[WhiteElo "2330"]
[BlackElo "2579"]
[PlyCount "106"]
[EventDate "2011.03.09"]
[EventType "swiss"]
[EventRounds "9"]
[EventCountry "ISL"]
[Source "lmi"]
[SourceDate "2011.03.09"]

1. c4 e6 2. Nc3 d5 3. d4 Be7 4. cxd5 exd5 5. Bf4 c6 6. e3 Bf5 7. g4 Be6 8. h4
Nd7 9. h5 Nh6 10. Be2 Nb6 11. Rc1 Nc4 12. b3 Nd6 13. f3 f5 14. g5 Bxg5 15. Nh3
Bf6 16. Na4 Nhf7 17. Nc5 Bc8 18. Rg1 Qe7 19. Qc2 O-O 20. Kf2 b6 21. Nd3 Bb7 22.
Rg2 Rae8 23. Rcg1 Kh8 24. Qb2 Rg8 25. Qd2 c5 26. dxc5 bxc5 27. Nxc5 d4 28. Nxb7
dxe3+ 29. Bxe3 Nxb7 30. Ng5 Nbd6 31. Bd3 Bc3 32. Qc1 Qf6 33. Nxf7+ Nxf7 34. Kf1
f4 35. Bf2 Re7 36. Qc2 Rge8 37. Rg4 Ne5 38. Qxc3 Nxg4 39. Qxf6 Nxf6 40. h6 Rd8
41. hxg7+ Rxg7 42. Rxg7 Kxg7 43. Ke2 Rd7 44. Bb5 Re7+ 45. Kf1 h5 46. a4 Nd5 47.
Bd4+ Kg6 48. Bc6 Ne3+ 49. Kg1 Nf5 50. Bc5 Rc7 51. Be8+ Kg5 52. b4 a5 53. Kh2
Nh4 0-1

[Event "MP Reykjavik Open 2011"]
[Site "Reykjavik ISL"]
[Date "2011.03.10"]
[Round "2.16"]
[White "Jones, Gawain C B"]
[Black "Kjartansson, Gudmundur"]
[Result "1/2-1/2"]
[WhiteElo "2578"]
[BlackElo "2327"]
[PlyCount "63"]
[EventDate "2011.03.09"]
[EventType "swiss"]
[EventRounds "9"]
[EventCountry "ISL"]
[Source "lmi"]
[SourceDate "2011.03.09"]

1. d4 Nf6 2. c4 e6 3. Nc3 Bb4 4. f3 d5 5. a3 Bxc3+ 6. bxc3 c5 7. cxd5 Nxd5 8.
dxc5 Qa5 9. e4 Nf6 10. Be3 O-O 11. Qb3 Nfd7 12. a4 Qc7 13. Qa3 b6 14. a5 Bb7
15. Bb5 Nxc5 16. Bxc5 bxc5 17. a6 Bc8 18. Nh3 Bd7 19. Bc4 Be8 20. O-O Nd7 21.
Rfd1 Nb6 22. Be2 Ba4 23. Rdb1 c4 24. Nf2 Bb3 25. Nd1 Bxd1 26. Rxd1 Rad8 27. g3
h6 28. Qa5 Rxd1+ 29. Rxd1 Rd8 30. Rxd8+ Qxd8 31. Qc5 Qc8 32. Qa3 1/2-1/2

[Event "MP Reykjavik Open 2011"]
[Site "Reykjavik ISL"]
[Date "2011.03.10"]
[Round "2.17"]
[White "Stigar, Petter"]
[Black "Hess, Robert L"]
[Result "0-1"]
[WhiteElo "2328"]
[BlackElo "2565"]
[PlyCount "64"]
[EventDate "2011.03.09"]
[EventType "swiss"]
[EventRounds "9"]
[EventCountry "ISL"]
[Source "lmi"]
[SourceDate "2011.03.09"]

1. Nf3 Nf6 2. c4 e6 3. g3 b6 4. Bg2 Bb7 5. O-O c5 6. Nc3 Be7 7. d4 Ne4 8. Nxe4
Bxe4 9. Be3 O-O 10. Qd2 Qc8 11. Rac1 Qb7 12. Rfd1 Nc6 13. Ne1 Bxg2 14. Nxg2
cxd4 15. Bxd4 Rfd8 16. Ne3 Rac8 17. Bc3 b5 18. b3 b4 19. Bb2 Qb6 20. Qd3 Bc5
21. Qe4 f5 22. Qf4 d6 23. Rd3 Rc7 24. g4 fxg4 25. Qxg4 Re8 26. Qg3 Rf8 27. Rf1
Rcf7 28. Ng4 Kh8 29. e3 e5 30. h3 Ne7 31. Qg2 Nf5 32. Nh2 Qa6 0-1

[Event "MP Reykjavik Open 2011"]
[Site "Reykjavik ISL"]
[Date "2011.03.10"]
[Round "2.18"]
[White "Nyzhnyk, Illya"]
[Black "Lagerman, Robert"]
[Result "1-0"]
[WhiteElo "2563"]
[BlackElo "2320"]
[PlyCount "89"]
[EventDate "2011.03.09"]
[EventType "swiss"]
[EventRounds "9"]
[EventCountry "ISL"]
[Source "lmi"]
[SourceDate "2011.03.09"]

1. d4 Nf6 2. c4 c5 3. d5 b5 4. cxb5 a6 5. f3 g6 6. e4 d6 7. Na3 Bg7 8. Ne2 O-O
9. Nc3 axb5 10. Naxb5 Na6 11. Be2 Nc7 12. O-O Nxb5 13. Nxb5 Ne8 14. a4 Nc7 15.
Na3 e6 16. dxe6 Bxe6 17. Nc4 d5 18. Nb6 Ra7 19. a5 dxe4 20. fxe4 Qd4+ 21. Qxd4
Bxd4+ 22. Kh1 Kg7 23. Bc4 Bxc4 24. Nxc4 Ne6 25. Bd2 Rb8 26. Rab1 Rb3 27. Rf3
Rb5 28. h4 h5 29. Rbf1 f6 30. Bc3 Rb3 31. Kh2 g5 32. Nd2 Rbb7 33. Rxf6 Bxf6 34.
Rxf6 Nd4 35. Rf5 Kh6 36. Rxc5 Ne2 37. hxg5+ Kg6 38. Rc6+ Kxg5 39. Nf3+ Kg4 40.
Bd2 Rg7 41. Rg6+ Rxg6 42. Ne5+ Kh4 43. Nxg6+ Kg4 44. Ne5+ Kh4 45. b4 1-0

[Event "MP Reykjavik Open 2011"]
[Site "Reykjavik ISL"]
[Date "2011.03.10"]
[Round "2.19"]
[White "Sharevich, Anna"]
[Black "Stefansson, Hannes"]
[Result "1-0"]
[WhiteElo "2323"]
[BlackElo "2557"]
[PlyCount "69"]
[EventDate "2011.03.09"]
[EventType "swiss"]
[EventRounds "9"]
[EventCountry "ISL"]
[Source "lmi"]
[SourceDate "2011.03.09"]

1. d4 Nf6 2. c4 e6 3. g3 c5 4. d5 exd5 5. cxd5 d6 6. Nc3 g6 7. Nf3 Bg7 8. Bg2
O-O 9. O-O Re8 10. Bf4 Na6 11. Re1 Bg4 12. Nd2 Nh5 13. Be3 Qd7 14. a4 Bh3 15.
Bf3 Bg4 16. Bg2 Nb4 17. Nc4 Bf5 18. Rc1 Qe7 19. Qd2 Rad8 20. Bg5 f6 21. e4 Bc8
22. Be3 Qf8 23. Nb5 Na6 24. Nxa7 f5 25. Bg5 Nf6 26. Nxc8 Rxc8 27. e5 dxe5 28.
d6 Rcd8 29. Bxb7 Nb4 30. Rxe5 Rxe5 31. Nxe5 Rxd6 32. Qe2 Qe7 33. Qc4+ Kf8 34.
Qxc5 Nbd5 35. Bxd5 1-0

[Event "MP Reykjavik Open 2011"]
[Site "Reykjavik ISL"]
[Date "2011.03.10"]
[Round "2.20"]
[White "Danielsen, Henrik"]
[Black "Kovachev, Daniel Jakobsen"]
[Result "1-0"]
[WhiteElo "2533"]
[BlackElo "2307"]
[PlyCount "103"]
[EventDate "2011.03.09"]
[EventType "swiss"]
[EventRounds "9"]
[EventCountry "ISL"]
[Source "lmi"]
[SourceDate "2011.03.09"]

1. d3 e5 2. c4 d6 3. g3 f5 4. Bg2 Nf6 5. Nc3 Be7 6. e4 c6 7. Nge2 Na6 8. O-O
O-O 9. b3 Qe8 10. f3 fxe4 11. dxe4 Be6 12. Be3 Nc5 13. Qc2 a6 14. Bxc5 dxc5 15.
Nd1 Qh5 16. Nf2 b5 17. Nd3 Nd7 18. f4 Bg4 19. Rae1 Rf6 20. Rf2 Raf8 21. Ref1
Rh6 22. Bh1 Bd6 23. Qd2 Qe8 24. f5 Qe7 25. Nc3 Bh5 26. Nd1 bxc4 27. bxc4 Bc7
28. Ne3 Rd6 29. Qc2 Rd4 30. f6 Nxf6 31. Nf5 Qe8 32. Nxd4 cxd4 33. c5 a5 34. Bg2
Qd7 35. Rf5 Re8 36. Bh3 Qe7 37. Rxh5 Nxh5 38. Qb3+ Kh8 39. Rf7 Qd8 40. Qb7 Re7
41. Rxe7 Qxe7 42. Nxe5 d3 43. Qc8+ Bd8 44. Be6 g6 45. Qxd8+ Qxd8 46. Nf7+ Kg7
47. Nxd8 d2 48. Bb3 Nf6 49. Ne6+ Kf7 50. Nd4+ Ke8 51. e5 Ne4 52. Nf3 1-0